Diario de la independencia / (Registro nro. 14772)

Detalles MARC
000 -LIDER
fixed length control field 01029nam a2200289 a 4500
001 - NÚMERO DE CONTROL
Identificador de número de control 000014571
003 - IDENTIFICACDOR DE NÚMERO DE CONTROL
control field DO-SdBNP
005 - DATE AND TIME OF LATEST TRANSACTION
control field 20250821140711.0
008 - ELEMENTOS DE LONGITUD FIJA
fixed length control field 100115s2007 dr a 000 0 spa d
020 ## - ISBN
International Standard Book Number 9789945160949
040 ## - FUENTE DE CATALOGACIÓN
Agencia que crea de manera original el registro DO-SdBNP
Idioma de catalogación spa
Agencia que realiza la transcripción BPMSU
049 ## - LOCAL HOLDINGS (OCLC)
Holding library
082 ## - NÚMERO DE CLASIFICACIÓN DECIMAL DE DEWEY
Classification number 972.9304
Item number T235d 2007
Edition number 22
100 1# - ASIENTO PRINCIPAL -- NOMBRE PERSONAL
Nombre personal Tejada, Adriano Miguel
Fechas asociadas con el nombre 1948-2020
100 z# - ASIENTO PRINCIPAL -- NOMBRE PERSONAL
Nombre personal Tejada Escoboza, Adriano Miguel
Fechas asociadas con el nombre 1948-2020
245 10 - MENCIÓN DE TITULO
Título Diario de la independencia /
Mención de responsabilidad Adriano Miguel Tejada.
250 ## - MENCIÓN DE EDICION
Mención de edición 3a ed.
260 ## - PUBLICACIÓN, DISTRIBUCIÓN, ETC. (PIE DE IMPRENTA)
Lugar de publicación, distribución, etc Santo Domingo :
Nombre del editor, distribuidor, etc. Comisión Permanente de Efemérides Patrias(CPEP),
Fecha de publicación, distribución, etc 2007.
300 ## - DESCRIPCIÓN FÍSICA
Extensión 352 p. :
Otros detalles físicos il. ;
Dimensiones 23 cm.
490 0# - MENCIÓN DE SERIES
Mención de serie Sesquicentenario de la Independencia Nacional 1944
490 0# - MENCIÓN DE SERIES
Mención de serie Públicaciones de la comisión de Efemérides Patrias
Volume/sequential designation 16
500 ## - NOTA GENERAL
Nota general Incluye datos biográficos del autor en las solapas
590 ## - NOTA LOCAL
Texto de la nota local Inventarido, 2024/VM
651 #4 - ENCABEZAMIENTO DE MATERIA--NOMBRE GEOGRÁFICO
Nombre geográfico República Dominicana
Subdivisión temática general Historia
Subdivisión cronológica 1844-1861
Subdivisión temática general Cronología
910 ## - VALIDACIÓN
Validación VMateo V. Control de calidad. BPMSU
942 ## - ADDED ENTRY ELEMENTS (KOHA)
Source of classification or shelving scheme Dewey Decimal Classification
Koha item type Libros
Existencias
Withdrawn status Lost status Source of classification or shelving scheme Damaged status Not for loan Collection code Home library Current library Date acquired Total Checkouts Full call number Barcode Date last seen Price effective from Koha item type Copy number
    Dewey Decimal Classification     Colección Dominicana Biblioteca Pública Metropolitana Salomé Ureña Biblioteca Pública Metropolitana Salomé Ureña 08/07/2024   BPMSU CD 972.9304 T235d 2007 BPMSU24080017 08/07/2024 08/07/2024 Libros  
    Dewey Decimal Classification     Colección Dominicana Biblioteca Pública Metropolitana Salomé Ureña Biblioteca Pública Metropolitana Salomé Ureña 08/07/2024   BPMSU CD 972.9304 T235d 2007 BPMSU25080065 08/21/2025 08/07/2024 Libros e.2